000 00362nam a2200145Ia 4500
008 191201s2008 xx 000 0 und d
082 _a005.43
_bSTO
100 _aSTALLINGS, Williams
245 0 _aOperating Systems Internal and Design Principles
250 _aRep.
260 _aN.Delhi
_bPHI
_c2008
300 _a822
650 _aB.Tech(IT)
942 _2ddc
_cBK
999 _c3835
_d3835